Simplificación del trabajo administrativo : curso básico / por Luis Blanco de Tella curso básico / por Luis Blanco de Tella
Descripción Física:
215 p. : il., gràf. ; 27 cm
Materias:
Organització del treball -- Metodologia
MARC
| LEADER | 00000nam a2200000Ia 4500 | ||
|---|---|---|---|
| 001 | 18374 | ||
| 003 | BGR | ||
| 005 | 20260324175703.0 | ||
| 008 | 160829s1971 xx 000 0 cat d | ||
| 080 | |a M-5-316 | ||
| 100 | |a Blanco de Tella, Luis |9 23107 | ||
| 245 | |a Simplificación del trabajo administrativo : |b curso básico / por Luis Blanco de Tella | ||
| 250 | |a 2a ed. | ||
| 260 | |a Madrid : |b Escuela Nacional de Administración Pública, |c 1971 | ||
| 300 | |a 215 p. : |b il., gràf. ; |c 27 cm | ||
| 650 | |a Organització del treball |x Metodologia |9 37850 | ||
| 710 | 1 | |a Escuela Nacional de Administración Local (Espanya) |9 70834 | |
| 901 | |a Arxiu | ||
| 942 | |n 1 |2 udc |c MON | ||
| 952 | |0 0 |1 0 |4 0 |6 M5316 |7 1 |9 48116 |a Arxiu |b Arxiu |d 2016-12-01 |l 0 |o M-5-316 |p 18374 |r 2016-12-01 00:00:00 |w 2016-12-01 |y ARXIU | ||
| 999 | |c 51919 |d 51919 | ||